00400 a2200109 4500001001000000005001700010008004100027245006000068100002400128773012100152999001700273ART_2337920260410161930.0260409a 10aUn enfoque al problema de la programación económica1 aDieulefait, Enrique0 tRevista de la Facultad de Ciencias Económicas de la Universidad de Cuyog- Año XII, Nº 37 (ene. 1961)wREV22981 c28533d28533